Statistics for Most Recent Pitcher with Each Win Total

Click here to take the quiz!

General Stats

  • This quiz has been taken 17 times
  • The average score is 3 of 13

Answer Stats

WinsPlayer% Correct
20Spencer Strider
88%
24Justin Verlander
71%
22Rick Porcello
41%
36Walter Johnson
29%
31Denny McLain
24%
21Kyle Wright
18%
27Bob Welch
12%
33Grover Alexander
12%
60Old Hoss Radbourn
12%
40Ed Walsh
6%
41Jack Chesbro
6%
44Bill Hutchison
0%
49John Clarkson
0%

Score Distribution

Percentile by Number Answered

Percent of People with Each Score

Your Score History

You have not taken this quiz